000 00698nam a2200205 a 4500
001 000023940
005 20200930022603.0
008 110117s1955 ag a r 000 0 spa d
040 _aDO-SdBNP
_bspa
_cBNPHU
082 _axxxxx
_bS246f
100 1 _aSarmiento, Domingo F.
_949252
245 1 0 _aFacundo :
_bo civilización y barbarie en las pampas argentinas /
_cDomingo F. Sarmiento ; prólogo Raul Moglia.
260 _aBuenos Aires :
_bPeuser,
_c1955.
300 _axiv, 312 p. :
_bil. ;
_c27 cm.
490 1 _aXiolografías de Nicasio
500 _aIncluye notas al pie de las páginas.
700 1 _aMoglia, raul,
_epról.
_949253
830 0 _aXiolografías de Nicasio
_949254
049 _aBNGR
999 _c23436
_d23436